Online
Catalog

Marketing en el punto de venta. / (Record no. 36074)

MARC details
000 -CABECERA
campo de control de longitud fija 00696nam a2200193 a 4500
001 - NÚMERO DE CONTROL
campo de control 000036583
005 - FECHA Y HORA DE LA ÚLTIMA TRANSACCIÓN
campo de control 20200930075818.0
008 - DATOS DE LONGITUD FIJA--INFORMACIÓN GENERAL
campo de control de longitud fija 120120s2000 sp 000 0 spa d
020 ## - NÚMERO INTERNACIONAL ESTÁNDAR DEL LIBRO
Número Internacional Estándar del Libro 8448126181
040 ## - FUENTE DE LA CATALOGACIÓN
Centro catalogador/agencia de origen DO-SdBNP
Lengua de catalogación spa
Centro/agencia transcriptor BNPHU
082 ## - NÚMERO DE LA CLASIFICACIÓN DECIMAL DEWEY
Número de clasificación xxxx
Número de documento/Ítem E74
100 1# - ENTRADA PRINCIPAL--NOMBRE DE PERSONA
Nombre de persona Escrivá Monzó, Joan
9 (RLIN) 62851
245 10 - MENCIÓN DE TÍTULO
Título Marketing en el punto de venta. /
Mención de responsabilidad, etc. Joan Escrivá Monzó, Federico Clar Bononad; coordinadores Antonio Miralles Gascó, Ricardo Almenar Peñalva.
260 ## - PUBLICACIÓN, DISTRIBUCIÓN, ETC.
Lugar de publicación, distribución, etc. Madrid :
Nombre del editor, distribuidor, etc. McGraw Hill,
Fecha de publicación, distribución, etc. 2000.
300 ## - DESCRIPCIÓN FÍSICA
Extensión 206 p. ;
Dimensiones 28 cm.
700 1# - PUNTO DE ACCESO ADICIONAL--NOMBRE DE PERSONA
Nombre de persona Clar Bononad, Federico
9 (RLIN) 62852
700 1# - PUNTO DE ACCESO ADICIONAL--NOMBRE DE PERSONA
Nombre de persona Miralles Gascó, Antonio ,
Término indicativo de función/relación coord.
9 (RLIN) 62853
700 1# - PUNTO DE ACCESO ADICIONAL--NOMBRE DE PERSONA
Nombre de persona Almenar Peñalva, Ricardo,
Término indicativo de función/relación coord.
9 (RLIN) 62854
Holdings
Estado de retiro Estado de pérdida Restricciones de uso No para préstamo Código de colección Localización permanente Ubicación/localización actual Ubicación en estantería Fecha de adquisición Número de inventario Total de préstamos Signatura topográfica completa Código de barras Fecha visto por última vez Precio válido a partir de Tipo de ítem Koha
      Excluido de préstamo Monografías: Libros y Folletos General General En catalogación 20.01.2012 LF1   xxxx E74 36583-10 25.06.2020 25.06.2020 No se presta

Powered by Koha